Bilecik Bilecik Bilecik Bilecik Bilecik

Başarılı ekip nasıl yaratılır = (Record no. 16842)

MARC details
000 -BAŞLIK
Sabit Uzunluktaki Kontrol Alanı 01241nam a22003377a 4500
001 - KONTROL NUMARASI
Control Dosyası 0016884
003 - KONTROL NUMARASI KİMLİĞİ
Kontrol Alanı KOHA_MİRAKIL
005 - EN SON İŞLEM TARİHİ ve ZAMANI
Kontrol Alanı 20260207002119.0
007 - FİZİKSEL TANIM SABİT ALAN - GENEL BİLGİ
Sabit uzunluklu kontrol alanı ta
008 - SABİT UZUNLUKTAKİ VERİ ÖGELERİ - GENEL BİLGİ
Sabit Alan 100503b1993 tu |||gr||||#||||0|tur |
020 ## - ISBN - ULUSLARARASI STANDART KİTAP NUMARASI
Isbn 9757805203
040 ## - KATALOGLAMA KAYNAĞI
Özgün Kataloglama Kurumu TR-BiSEU
Kataloglama Dili tur
Çeviri Kurumu TR-BiSEU
Açıklama Kuralları rda
041 0# - DİL KODU
Metin ya da ses kaydının dil kodu tur
044 ## - YAYINLAYAN/ÜRETEN KURULUŞUN ÜLKE KODU
ISO country code tu
050 ## - SINIFLAMA ve YER NUMARASI
Sınıflama Numarası HD50
Yer Numarası .W45 1993
100 1# - KİŞİ ADI
Yazar Adı (Kişi adı) Weiss, Donald H..
240 10 - TEK BİÇİM BAŞLIK
Tekbiçim Başlık <a href="How to delegate effectively">How to delegate effectively</a>
Language of a work Türkçe
245 1# - ESER ADI BİLDİRİMİ
Başlık Başarılı ekip nasıl yaratılır =
Alt Eseradı vb. How to delegate effectively/
Sorumluluk Bildirimi Donald H. Weiss ; Donald H. Weiss; çeviren Fatmagül Berktay.
264 #1 - ÜRERİM, YAYIN, DAĞITIM ve TELİF BİLDİRİMİ
Yayın yeri İstanbul :
Yayınlayan Rota
Yayın tarihi 1993
300 ## - FİZİKSEL TANIMLAMA
Sayfa, Cilt vb. 71 sayfa; 18 cm.
336 ## - İÇERİK TÜRÜ
Content type term metin
Content type code txt
Source rdacontent
337 ## - MEDYA TÜRÜ
Media type term aracısız
Media type code n
Source rdamedia
338 ## - TAŞIYICI TÜRÜ
Carrier type term cilt
Carrier type code nc
Source rdacarrier
490 1# - DİZİ BİLDİRİMİ
Dizi Bildirimi Cep yönetim dizisi ;
Cilt Numarası 15
500 ## - GENEL NOT
Genel Not Orjinal eser adı "How to delegate effectively"dir.
500 ## - GENEL NOT
Genel Not Atamaları bir yönetim aracı olarak kullanmak için stratejiler, Bütün kaynakları en etkili şekilde kullanmak için ipuçları, Olumlu sonuçlar alarak hedefe varmanın yolları.
650 #0 - KONU BAŞLIĞI EK GİRİŞ - KONU TERİMİ
Konusal terim veya coğrafi ad Delegation of authority.
9 (RLIN) 39114
650 #0 - KONU BAŞLIĞI EK GİRİŞ - KONU TERİMİ
Konusal terim veya coğrafi ad Yetki vermek.
9 (RLIN) 39115
830 1# - SERİ EK GİRİŞİ - TEKBİÇİM ESER ADI
Tekbiçim Başlık Cep yönetim dizisi ;
Volume number/sequential designation 15
9 (RLIN) 8358
942 ## - EK GİRİŞ ÖGELERİ (KOHA)
Source of classification or shelving scheme Library of Congress Classification
Koha item type Book
Holdings
Materyal Türü Kalıcı Konum Mevcut Konum Raf Yeri Sınıflandırma Kaynağı Edinim Bilgisi Ana Konular Alt Konular Yer Numarası Demirbaş Numarası Fatura Tarihi Maliyet, Alış Fiyatı Maliyet, Yenileme Fiyatı Geri Çekilme Durumu Kayıp Durumu Hasarlı Durumu Kredi için değil Kayıt Tarih Toplam Ödünçverme Son Görülme Tarihi Son Kontrol Tarihi Genel / Bağış Notu
Book Prof. Dr. Azmi Özcan Kütüphanesi Prof. Dr. Azmi Özcan Kütüphanesi Uluğbey Salonu Library of Congress Classification Bağış SOSYAL BİLİMLER Endüstriler, Arazi Kullanımı, İşgücü HD50 .W45 1993 0016884 13/08/2010 3.50 3.50         03/05/2010   05/12/2024 05/12/2024 Genel Bağış